| Tag |
First Indicator |
Second Indicator |
Subfields |
| LEADER |
00000cam a2200000 a 4500 |
| 001 |
in00000014831 |
| 005 |
20151007052910.0 |
| 008 |
870818s1988 nyu b 00100 eng |
| 010 |
|
|
|a 87024946
|
| 020 |
|
|
|a 0471634220
|
| 035 |
|
|
|a (OCoLC)16682621
|
| 035 |
|
|
|9 AAA9629AM
|
| 040 |
|
|
|a DLC
|c DLC
|d TXA
|d UtOrBLW
|
| 049 |
|
|
|a TXAM
|c [A11082622]
|
| 050 |
0 |
0 |
|a HD38.2
|b .E94 1988
|
| 082 |
0 |
|
|a 658.4/09
|2 19
|
| 245 |
0 |
0 |
|a Executive talent :
|b developing and keeping the best people /
|c Eli Ginzberg, editor.
|
| 264 |
|
1 |
|a New York :
|b J. Wiley,
|c [1988]
|
| 264 |
|
4 |
|c ©1988
|
| 300 |
|
|
|a vii, 184 pages ;
|c 24 cm.
|
| 336 |
|
|
|a text
|b txt
|2 rdacontent
|
| 337 |
|
|
|a unmediated
|b n
|2 rdamedia
|
| 338 |
|
|
|a volume
|b nc
|2 rdacarrier
|
| 504 |
|
|
|a Bibliography: pages 140-142.
|
| 500 |
|
|
|a Includes index.
|
| 505 |
0 |
|
|a The new world of work / Eli Ginzberg -- Human resources in the large corporation / George Vojta -- Human resources in strategic planning / Boris Yavitz -- The human resources function / Stephen Drotter -- Restructuring for productivity / Kirby Warren -- Managers through time / Douglas W. Bray -- Executives in four fields / John T. Dunlop -- Corporate leadership and the public weal / Mitchell Sviridoff and Renee Berger -- Tomorrow's executives: findings and directions for research / Eli Ginzberg.
|
| 650 |
|
0 |
|a Executives.
|
| 650 |
|
0 |
|a Executive ability.
|
| 700 |
1 |
|
|a Ginzberg, Eli,
|d 1911-2002.
|
| 999 |
|
|
|a MARS
|
| 999 |
f |
f |
|s 54390755-af8e-3da9-91e4-3f982ddcac55
|i 2b6a0bc6-2e54-3de3-9327-dc3d4c4f9900
|t 0
|
| 952 |
f |
f |
|p ric
|a Texas A&M University
|b Rellis Campus
|c Joint Library Facility
|d Remote Storage
|t 0
|e HD38.2 .E94 1988
|h Library of Congress classification
|i unmediated -- volume
|m A14811082622
|
| 998 |
f |
f |
|a HD38.2 .E94 1988
|t 0
|l Remote Storage
|